000 01303cam a2200169 4500500
005 20260111102012.0
041 _afre
042 _adc
100 1 0 _aSicot, François
_eauthor
700 1 0 _aMaigne, Nicolas
_eauthor
245 0 0 _aLes CER, un placement (pénal) parmi d'autres ?
260 _c2005.
500 _a89
520 _aRésumé Cet article s’intéresse au problème social de la délinquance des mineurs qui a donné lieu à de profonds bouleversements des réponses pénales. Il présente une enquête qui a porté sur sept cer répartis sur trois régions pjj : Aquitaine, Midi-Pyrénées et Languedoc-Roussillon, et dont la méthode a consisté d’une part à analyser des sources écrites (dossiers sur les mineurs dans les cer, dossiers d’assistance éducative du tribunal pour enfants, historiques de la justice d’un tribunal pour enfants, ordonnances de placement présentes dans tel ou tel dossier, fiches d’admission collectées dans les drpjj) et d’autre part à réaliser des entretiens avec les directeurs des cer, des juges des enfants, des éducateurs « fils rouges » et des jeunes placés.
786 0 _nEmpan | 59 | 3 | 2005-09-01 | p. 91-104 | 1152-3336
856 4 1 _uhttps://shs.cairn.info/revue-empan-2005-3-page-91?lang=fr&redirect-ssocas=7080
999 _c1629776
_d1629776